World's Most and Least Expensive Cities (2021) - Statistics

General Stats
  • This quiz has been taken 97 times
  • The average score is 10 of 20
Answer Stats
Continent Answer % Correct
Asia Singapore
92%
North America New York
88%
Europe Paris
86%
Asia Hong Kong
81%
North America Los Angeles
79%
Europe Zurich
78%
Europe Geneva
69%
Europe Copenhagen
59%
Asia Tel Aviv
52%
Asia Osaka
44%
South America Buenos Aires
34%
Asia Damascus
33%
Asia Karachi
31%
Africa Algiers
27%
Africa Tripoli
27%
Africa Tunis
27%
Asia Tashkent
21%
Africa Lusaka
17%
Asia Almaty
14%
Asia Ahmedabad
10%
No matching quizzes found
Score Distribution
Percent of People with Each Score
Percentile by Number Answered
Your Score History
You have not taken this quiz